|
|
|
|
| LEADER |
00000cam a22000004a 4500 |
| 001 |
musev2_61392 |
| 003 |
MdBmJHUP |
| 005 |
20230905050329.0 |
| 006 |
m o d |
| 007 |
cr||||||||nn|n |
| 008 |
180809t20172017mau o 00 0 eng d |
| 020 |
|
|
|a 9781684175802
|
| 020 |
|
|
|z 9780674976979
|
| 020 |
|
|
|z 1684175801
|
| 035 |
|
|
|a (OCoLC)1132224236
|
| 040 |
|
|
|a MdBmJHUP
|c MdBmJHUP
|
| 100 |
1 |
|
|a Yang, Yoon Sun,
|e author.
|
| 245 |
1 |
0 |
|a From Domestic Women to Sensitive Young Men :
|b Translating the Individual in Early Colonial Korea /
|c Yoon Sun Yang.
|
| 264 |
|
1 |
|a Cambridge, Massachusetts :
|b Harvard University Press,
|c 2017.
|
| 264 |
|
3 |
|a Baltimore, Md. :
|b Project MUSE,
|c 2020
|
| 264 |
|
4 |
|c ©2017.
|
| 300 |
|
|
|a 1 online resource (232 pages).
|
| 336 |
|
|
|a text
|b txt
|2 rdacontent
|
| 337 |
|
|
|a computer
|b c
|2 rdamedia
|
| 338 |
|
|
|a online resource
|b cr
|2 rdacarrier
|
| 490 |
0 |
|
|a Harvard East Asian Monographs ;
|v 405
|
| 505 |
0 |
|
|a Introduction -- Enlightened daughter, benighted mother -- From female ghosts to ghostly womanhood -- Unbound desire : femme fatales in the fin-de-siècle scene -- Sapphic marriage and radical domesticity -- Sensitive young men and the private desire for progress -- Coda.
|
| 588 |
|
|
|a Description based on print version record.
|
| 650 |
|
7 |
|a Korean literature.
|2 fast
|0 (OCoLC)fst00988844
|
| 650 |
|
7 |
|a Individuality in literature.
|2 fast
|0 (OCoLC)fst00970352
|
| 650 |
|
7 |
|a Identity (Psychology) in literature.
|2 fast
|0 (OCoLC)fst00966910
|
| 650 |
|
6 |
|a Identite (Psychologie) dans la litterature.
|
| 650 |
|
6 |
|a Individualite dans la litterature.
|
| 650 |
|
6 |
|a Litterature coreenne
|x Influence occidentale.
|
| 650 |
|
6 |
|a Litterature coreenne
|y 20e siecle
|x Histoire et critique.
|
| 650 |
|
0 |
|a Identity (Psychology) in literature.
|
| 650 |
|
0 |
|a Individuality in literature.
|
| 650 |
|
0 |
|a Korean literature
|x Western influences.
|
| 650 |
|
0 |
|a Korean literature
|y 20th century
|x History and criticism.
|
| 655 |
|
7 |
|a Criticism, interpretation, etc.
|2 fast
|0 (OCoLC)fst01411635
|
| 655 |
|
7 |
|a Electronic books.
|2 local
|
| 710 |
2 |
|
|a Project Muse.
|e distributor
|
| 830 |
|
0 |
|a Book collections on Project MUSE.
|
| 856 |
4 |
0 |
|z Texto completo
|u https://projectmuse.uam.elogim.com/book/61392/
|
| 945 |
|
|
|a Project MUSE - Custom Collection
|
| 945 |
|
|
|a Project MUSE - Archive Complete Supplement VIII
|
| 945 |
|
|
|a Project MUSE - Archive Language and Linguistics Supplement VII
|
| 945 |
|
|
|a Project MUSE - Archive Asian and Pacific Studies Supplement VII
|